|
|
|
|
| LEADER |
01383nam a2200277 a 4500 |
| 001 |
7089 |
| 003 |
BD-DhAAL |
| 005 |
20141215114708.0 |
| 008 |
141215s1998 maua b 001 0 eng |
| 020 |
|
|
|a 9847037867
|
| 040 |
|
|
|a DLC
|c DLC
|d DLC
|d BD-DhAAL
|
| 050 |
0 |
0 |
|a HD31
|b .C67 1991
|
| 082 |
0 |
0 |
|a 658
|2 20
|
| 245 |
0 |
4 |
|a সাধারণ ব্যবস্থাপনার কারুকলা /
|c সংকলন ও সম্পাদনা যোশেফ এল বাওয়ার, অনুবাদ নুরুল করিম নাসম
|
| 260 |
|
|
|a ঢাকা :
|b বাংলা একাডেমী,
|c ১৯৯৮.
|
| 300 |
|
|
|a তেইশ, ৩৮৪ পৃ :
|c ২৬ সে. মি.
|
| 504 |
|
|
|a বিবলিওগ্রফী ও ইনডেক্স অন্তর্ভূক্ত
|
| 541 |
|
|
|e 7089
|
| 650 |
|
0 |
|a Industrial management.
|9 6820
|
| 650 |
|
0 |
|a Management.
|9 6821
|
| 700 |
1 |
|
|a বাওয়ার, যোশেফ এল
|9 6822
|
| 700 |
1 |
|
|a নাসিম, নুরুল করিম
|9 6823
|
| 942 |
|
|
|2 ddc
|c BK
|
| 999 |
|
|
|c 33302
|d 33302
|
| 952 |
|
|
|0 0
|1 0
|2 ddc
|4 0
|6 658_000000000000000_GEN
|7 0
|9 44478
|a BRACUL
|b BRACUL
|c GEN
|d 2014-12-15
|l 0
|o 658 GEN
|p 3010007089
|r 2014-12-15
|t 1
|w 2014-12-15
|y BK
|
| 952 |
|
|
|0 0
|1 0
|2 ddc
|4 0
|6 658_000000000000000_GEN
|7 0
|9 44521
|a BRACUL
|b BRACUL
|c GEN
|d 2014-12-22
|l 0
|o 658 GEN
|p 3010007090
|r 2014-12-22
|t 2
|w 2014-12-22
|y BK
|